logo

Bir Sreshtho Munshi Abdur Rouf Library
Jhenaidah Cadet College

নবীজীর নামায / (Record no. 10378)

MARC details
000 -LEADER
fixed length control field 01026nam a22002537a 4500
001 - CONTROL NUMBER
JCCL Control Number 10378
003 - CONTROL NUMBER IDENTIFIER
JCCL marc code BD-JhCC
005 - DATE AND TIME OF LATEST TRANSACTION
control field 20211118134021.0
008 - FIXED-LENGTH DATA ELEMENTS--GENERAL INFORMATION
fixed length control field 180425b20132009bg ||||| |||| 00| 0 eng d
020 ## - INTERNATIONAL STANDARD BOOK NUMBER
International Standard Book Number 9847025000179
035 ## - SYSTEM CONTROL NUMBER
system control number (BD-JhCC)10378
040 ## - CATALOGING SOURCE
Original cataloging agency BD-JhCC
Modifying agency BD-JhCC
041 ## - LANGUAGE CODE
Language code of Book eng
082 ## - DEWEY DECIMAL CLASSIFICATION NUMBER
Classification number 297.38
Author mark and Year FOY 2013
100 ## - MAIN ENTRY--PERSONAL NAME
Personal name ফয়সাল, ড. শাইখ মুহাম্মদ ইলিয়াস
245 ## - TITLE STATEMENT
Title নবীজীর নামায /
Statement of responsibility, etc ড. শাইখ মুহাম্মদ ইলিয়াস ফয়সাল, মাওলানা মুহাম্মাদ যাকারিয়া আব্দুল্লাহ (অনু.)
260 ## - PUBLICATION, DISTRIBUTION, ETC. (IMPRINT)
Place of publication, distribution, etc ঢাকা :
Name of publisher, distributor, etc মাকতাবাতুল আশরাফ,
Date of publication, distribution, etc 2013.
300 ## - PHYSICAL DESCRIPTION
Pagination 488 p. :
Dimensions 22 cm.
650 ## - SUBJECT ADDED ENTRY--TOPICAL TERM
Topical term or geographic name as entry element Salat
651 ## - SUBJECT ADDED ENTRY--GEOGRAPHIC NAME
Geographic name Prayer
700 ## - ADDED ENTRY--PERSONAL NAME
Personal name আব্দুল্লাহ, মাওলানা মুহাম্মাদ যাকারিয়া
942 ## - ADDED ENTRY ELEMENTS (KOHA)
Source of classification or shelving scheme Dewey Decimal Classification
Koha item type Books
Koha issues (borrowed), all copies 21
Holdings
Source of classification or shelving scheme Damaged status Not for loan Home library Current library Shelving location Cost, normal purchase price Total Checkouts Full call number Barcode Date last seen Date checked out Copy number Koha item type Date of accession
Dewey Decimal Classification     JCC Rouf Library JCC Rouf Library General Stacks 340.00 6 297.38 FOY 2013 13528 12/12/2019 12/11/2019 C-1 Books  
Dewey Decimal Classification     JCC Rouf Library JCC Rouf Library General Stacks 380.00 9 297.38 FOY 2013 14340 09/01/2022 11/18/2021 C-2 Books 07/30/2018

JCC Library | Contacts | JCC Home

Last Update on 23 September 2017
Copyright @ 2017-2020 JCC Rouf Library
Rouf Library, Jhenidah Cadet College (JCC), Bangladesh